Datum a čas kvízu
32.5
Celkem bodů
Celkový počet nahraných bodů na tomto kvízu bez doplňovacích otázek.
2.
Pořadí na kvízu
Konečné umístění týmu na tomto kvízu.
Zaznamenané odpovědi
| # | Otázka | Odpověď | Body | Výsledky |
|---|---|---|---|---|
| 1. | Radnice města Zubří na Vsetíns... | pařez | 1 | |
| 2. | Silný hurikán zasáhl v neděli... | Dorian | 1 | |
| 3. | Video k písni You Need to Calm... | Taylor Swiftová | 1 | |
| 4. | V Etiopii byla nalezena téměř... | Australopithecus | 1 | |
| 5. | Česká plavkyně Markéta Pechová... | přeplavala kanál jako první handicapovaná žena na světě | 1 | |
| 6. | Ve které ze čtyř možností jsou... | C | 0 | |
| 7. | Nyní je Vaším úkolem seřadit c... | A | 0 | |
| 8. | Seřaďte tato periodika od těch... | D | 0 | |
| 9. | Seřaďte tyto filmy od toho, kt... | B | 1 | |
| 10. | V poslední otázce tématu Vám d... | C | 0 |